000 00483nmm a2200169Ia 4500
008 251105s9999||||xx |||||||||||||||||und||
020 _a9786071685940
041 _aspa
100 _aRamos, Graciliano
245 0 _aAngustia
264 _a[México D.C., Mexico] :
_bFondo de Cultura Económica,
_c2025
300 _a260 páginas
490 _aColección Popular
650 _aLatin American narrative
856 _uhttps://public.digitaliapublishing.com/a/180519
942 _cCF
999 _c75720
_d75720